000 01233nam a22003497a 4500
001 0014103
003 KOHA_MİRAKIL
005 20260207001943.0
007 ta
008 100224b2000 tu |||gr||||#||||0|tur |
020 _a9756693037
040 _aTR-BiSEU
_btur
_cTR-BiSEU
_erda
041 0 _atur
044 _ctu
050 _aGR278
_b.K35 2000
100 1 _aKalafat, Yaşar.
245 1 _aBakü - Ceyhan kültür hattı/
_cYaşar Kalafat ; Yaşar Kalafat.
264 1 _aAnkara :
_bAvrasya Stratejik Araştırmalar Merkezi Yayınları
_c2000
300 _ax, 166 sayfa; 20 cm.
336 _ametin
_btxt
_2rdacontent
337 _aaracısız
_bn
_2rdamedia
338 _acilt
_bnc
_2rdacarrier
490 1 _aAvrasya -Bir Vakfı Asam yayınları ;
_v5.
490 1 _aTürkistan Araştırmaları dizisi ;
_v1.
650 0 _aBakü (Azerbaycan)--Sosyal yaşam ve gelenekler.
_933030
650 0 _aGürcistan--Sosyal yaşam ve gelenekler.
_933031
650 0 _aBaku (Azerbaijan)--Social life and customs.
_933032
650 0 _aGeorgia--Social life and customs.
_933033
830 1 _aAvrasya -Bir Vakfı Asam yayınları ;
_v5.
_933034
830 1 _aTürkistan Araştırmaları dizisi ;
_v1.
_932760
942 _2lcc
_cBK
999 _c14066
_d14066